62 chủ đề đàm thoại tiếng anh trong cuộc sống hàng ngày
Zapisane w:
| 1. autor: | |
|---|---|
| Format: | Książka |
| Język: | Undetermined |
| Wydane: |
Thành phố Hồ Chí Minh
Thanh Niên
2003
|
| Hasła przedmiotowe: | |
| Etykiety: |
Dodaj etykietę
Nie ma etykietki, Dołącz pierwszą etykiete!
|
| Thư viện lưu trữ: | Trung tâm Học liệu Trường Đại học Cần Thơ |
|---|
| LEADER | 00560nam a2200193Ia 4500 | ||
|---|---|---|---|
| 001 | CTU_96119 | ||
| 008 | 210402s9999 xx 000 0 und d | ||
| 020 | |c 14000 | ||
| 082 | |a 428.24 | ||
| 082 | |b L312 | ||
| 100 | |a Linh Giang | ||
| 245 | 0 | |a 62 chủ đề đàm thoại tiếng anh trong cuộc sống hàng ngày | |
| 245 | 0 | |c Linh Giang | |
| 260 | |a Thành phố Hồ Chí Minh | ||
| 260 | |b Thanh Niên | ||
| 260 | |c 2003 | ||
| 650 | |a English language | ||
| 904 | |i M.Loan | ||
| 980 | |a Trung tâm Học liệu Trường Đại học Cần Thơ | ||